000 01831nam a2200337 i 4500
001 768714001
003 CO-MdFUSB
005 20240821161114.0
007 ta
008 240523t2016 ck |||| |||| 00| 0 spa d
020 _a9789585939219
040 _aCO-MdFUSB
_bspa
_cCO-MdFUSB
_dCO-MdFUSBC
_erda
041 _aspa
082 _223
_a345.02
_bG616
100 _aGoite Pierre, Mayda,
_eautor
245 1 _aCrimen organizado y delitos no convencionales :
_bcriminalidad organizada, operaciones encubiertas y responsabilidad penal de las personas jurídica. Teoría y práctica
_c/ Mayda Goite Pierre , Omar Huertas Díaz ; prólogo por Juan Terradillos Basoco
264 1 _bUnisabaneta,
_aSabaneta, Antioquia, Colombia :
_c[2016]
264 4 _c©2016
300 _a214 páginas
_c; 23 cm
336 _2rdacontent
_atexto
_btxt
337 _2rdamedia
_asin mediación
_bn
338 _2rdacarrier
_avolumen
_bnc
505 _tEl enfrentamiento a la corrupción y a la criminalidad organizada, a través de las leyes de extinción de dominio. / Mayda Goite Pierre y Omar Huertas Díaz.
_tGlobalización, migraciones internacionales, tráfico y trata de personas en las Américas. / Arnel Medina Cuenca y José Saúl Trujillo González.
_tLa responsabilidad penal de las personas jurídicas un "recurso" más frente el riesgo de la criminalidad organizada. / Mayda Goite Pierre.
_tLavado de activos y delito determinante cometido en el extranjero. / Dayan Gabriel López Rojas y Mayda Goite Pierre.
_tLas operaciones encubiertas contra el crimen organizado en el nuevo milenio. / Rodolfo Fernández Romo
563 _aRústico
653 _aCriminología
653 _aCorrupción
700 _aHuertas Díaz, Omar,
_99695
_eautor
700 _aTerradillos Basoco, Juan,
_99698
_eprologuista
942 _cBK
945 _aJTF-925
999 _c69854
_d69854